| Tag |
First Indicator |
Second Indicator |
Subfields |
| LEADER |
00000cam a2200000 4500 |
| 001 |
in00000022377 |
| 005 |
20151007063952.0 |
| 008 |
770801s1959 nyu 00001 spa |
| 010 |
|
|
|a 59049538
|
| 035 |
|
|
|a (OCoLC)03152465
|
| 035 |
|
|
|9 AAD8729AM
|
| 040 |
|
|
|a DLC
|c YNG
|d TXA
|d UtOrBLW
|
| 049 |
|
|
|a TXAM
|c [304098]
|
| 050 |
|
0 |
|a PQ7439.L3
|b L2
|
| 092 |
|
|
|a 863
|b L181
|
| 100 |
1 |
|
|a Laguerre, Enrique A.
|
| 245 |
1 |
3 |
|a El laberinto.
|
| 264 |
|
1 |
|a New York :
|b Las Americas Pub. Co.,
|c [1959]
|
| 300 |
|
|
|a 282 pages ;
|c 23 cm.
|
| 336 |
|
|
|a text
|b txt
|2 rdacontent
|
| 337 |
|
|
|a unmediated
|b n
|2 rdamedia
|
| 338 |
|
|
|a volume
|b nc
|2 rdacarrier
|
| 999 |
|
|
|a MARS
|
| 999 |
f |
f |
|s 55e5ab99-6a2a-328f-874f-754c526f45cd
|i dbf05393-7b31-3ff8-ae18-dc06dae2909a
|t 0
|
| 952 |
f |
f |
|p normal
|a Texas A&M University
|b College Station
|c Sterling C. Evans Library
|d Evans: Library Stacks
|t 0
|e PQ7439.L3 L2
|h Library of Congress classification
|i unmediated -- volume
|m A14801384585
|
| 998 |
f |
f |
|a PQ7439.L3 L2
|t 0
|l Evans: Library Stacks
|